[Event "WCO2014"]
[Site "Tromso"]
[Date "2014.08.09"]
[Round "7.47"]
[WhiteID "5704723"]
[White "Teh Eu Wen Aron"]
[BlackID "8500444"]
[Black "Ajibowo Olamide Patrick"]
[Result "1-0"]
[LiveChessVersion "1.4.3"]
[BlackElo "2168"]
[WhiteElo "2309"]

1. d4 {[%clk 1:30:58]} Nf6 {[%clk 1:29:35]} 2. c4 {[%clk 1:31:22]} g6
{[%clk 1:29:45]} 3. Nc3 {[%clk 1:31:44]} Bg7 {[%clk 1:30:07]} 4. e4
{[%clk 1:32:09]} d6 {[%clk 1:30:31]} 5. Be2 {[%clk 1:32:34]} O-O {[%clk 1:30:55]}
6. Bg5 {[%clk 1:33:00]} Nbd7 {[%clk 1:31:16]} 7. Qd2 {[%clk 1:33:24]} c6
{[%clk 1:31:19]} 8. f3 {[%clk 1:28:46]} e5 {[%clk 1:29:17]} 9. d5
{[%clk 1:28:57]} c5 {[%clk 1:28:00]} 10. Nh3 {[%clk 1:27:25]} a6 {[%clk 1:24:10]}
11. O-O {[%clk 1:26:03]} Qc7 {[%clk 1:23:26]} 12. a3 {[%clk 1:23:48]} Kh8
{[%clk 1:23:43]} 13. Be3 {[%clk 1:12:35]} Ng8 {[%clk 1:23:45]} 14. Rab1
{[%clk 1:11:20]} h6 {[%clk 1:23:24]} 15. Nf2 {[%clk 1:09:17]} f5 {[%clk 1:23:23]}
16. exf5 {[%clk 1:08:31]} gxf5 {[%clk 1:23:45]} 17. f4 {[%clk 1:08:42]} Ndf6
{[%clk 1:14:50]} 18. b4 {[%clk 1:00:05]} Nd7 {[%clk 1:01:00]} 19. fxe5
{[%clk 0:42:44]} cxb4 {[%clk 1:00:26]} 20. axb4 {[%clk 0:41:26]} dxe5
{[%clk 0:58:17]} 21. d6 {[%clk 0:35:26]} Qd8 {[%clk 0:57:16]} 22. Nd3
{[%clk 0:33:01]} b6 {[%clk 0:50:26]} 23. c5 {[%clk 0:22:20]} f4 {[%clk 0:49:39]}
24. Bf2 {[%clk 0:21:47]} Bb7 {[%clk 0:49:56]} 25. Bf3 {[%clk 0:21:13]} Bxf3
{[%clk 0:50:01]} 26. gxf3 {[%clk 0:21:40]} Rc8 {[%clk 0:38:56]} 27. Nd5
{[%clk 0:16:39]} b5 {[%clk 0:38:08]} 28. Kh1 {[%clk 0:15:08]} Qe8
{[%clk 0:37:32]} 29. Bh4 {[%clk 0:14:06]} Qh5 {[%clk 0:36:58]} 30. Be7
{[%clk 0:13:46]} Rfe8 {[%clk 0:36:02]} 31. Rbc1 {[%clk 0:10:58]} Rc6
{[%clk 0:35:19]} 32. Qe2 {[%clk 0:11:00]} Qf5 {[%clk 0:34:45]} 33. Nf2
{[%clk 0:08:44]} Bf6 {[%clk 0:29:43]} 34. Bxf6+ {[%clk 0:08:36]} Ndxf6
{[%clk 0:30:01]} 35. Nc7 {[%clk 0:08:10]} Rc8 {[%clk 0:24:24]} 36. Rfe1
{[%clk 0:08:01]} Nd7 {[%clk 0:24:13]} 37. Nd3 {[%clk 0:07:47]} a5
{[%clk 0:15:15]} 38. bxa5 {[%clk 0:08:16]} Ngf6 {[%clk 0:15:04]} 39. Nxe5
{[%clk 0:05:30]} Rxc5 {[%clk 0:14:56]} 40. Nf7+ {[%clk 0:00:44]} Kh7
{[%clk 0:12:51]} 41. Rxc5 {[%clk 0:30:05]} Nxc5 {[%clk 0:43:15]} 42. Qe5
{[%clk 0:19:26]} Qxe5 {[%clk 0:42:15]} 43. Nxe5 {[%clk 0:17:39]} b4
{[%clk 0:41:36]} 44. a6 {[%clk 0:11:58]} Nxa6 {[%clk 0:36:49]} 45. Nxa6
{[%clk 0:12:17]} b3 {[%clk 0:37:15]} 46. Rb1 {[%clk 0:11:04]} Rd8
{[%clk 0:36:49]} 47. d7 {[%clk 0:09:57]} Nxd7 {[%clk 0:37:02]} 48. Nxd7
{[%clk 0:10:24]} Rxd7 {[%clk 0:36:06]} 49. Rxb3 {[%clk 0:10:43]} Kg6
{[%clk 0:36:02]} 50. Nc5 {[%clk 0:10:04]} Rd4 {[%clk 0:35:09]} 51. Rd3
{[%clk 0:09:55]} Rc4 {[%clk 0:35:30]} 52. Ne4 {[%clk 0:10:17]} Kh5
{[%clk 0:33:16]} 53. Kg2 {[%clk 0:10:44]} Kh4 {[%clk 0:33:04]} 54. Nf2
{[%clk 0:10:41]} h5 {[%clk 0:33:17]} 55. Rd8 {[%clk 0:10:40]} Rc2
{[%clk 0:32:30]} 56. Re8 {[%clk 0:10:23]} Ra2 {[%clk 0:32:44]} 57. Rf8
{[%clk 0:08:55]} Kg5 {[%clk 0:32:58]} 58. h4+ {[%clk 0:08:06]} Kxh4
{[%clk 0:33:18]} 59. Rxf4+ {[%clk 0:08:35]} Kg5 {[%clk 0:33:35]} 60. Rf8
{[%clk 0:08:49]} Kg6 {[%clk 0:32:58]} 61. Rh8 {[%clk 0:08:45]} Kg5
{[%clk 0:33:15]} 62. Kg3 {[%clk 0:08:45]} Kg6 {[%clk 0:32:45]} 63. Nd3
{[%clk 0:08:43]} 1-0

[Event "WCO2014"]
[Site "Tromso"]
[Date "2014.08.09"]
[Round "7.46"]
[WhiteID "8501246"]
[White "Balogun Oluwafemi"]
[BlackID "5702640"]
[Black "Fong Yit San"]
[Result "0-1"]
[LiveChessVersion "1.4.3"]
[BlackElo "2143"]
[WhiteElo "2187"]

1. e4 {[%clk 1:29:38]} c5 {[%clk 1:30:41]} 2. Nf3 {[%clk 1:29:09]} d6
{[%clk 1:31:02]} 3. d4 {[%clk 1:28:21]} cxd4 {[%clk 1:31:20]} 4. Nxd4
{[%clk 1:28:42]} Nf6 {[%clk 1:31:35]} 5. Nc3 {[%clk 1:28:46]} a6 {[%clk 1:31:25]}
6. Be3 {[%clk 1:29:01]} e5 {[%clk 1:31:32]} 7. Nb3 {[%clk 1:29:16]} Be6
{[%clk 1:31:35]} 8. f3 {[%clk 1:28:16]} Be7 {[%clk 1:25:21]} 9. Qd2
{[%clk 1:28:26]} O-O {[%clk 1:21:11]} 10. O-O-O {[%clk 1:27:42]} b5
{[%clk 1:16:01]} 11. g4 {[%clk 1:27:49]} Nbd7 {[%clk 1:05:10]} 12. g5
{[%clk 1:28:04]} Nh5 {[%clk 1:04:48]} 13. Nd5 {[%clk 1:27:40]} Bxd5
{[%clk 1:01:49]} 14. exd5 {[%clk 1:27:58]} f5 {[%clk 0:52:27]} 15. gxf6
{[%clk 1:26:06]} Bxf6 {[%clk 0:50:23]} 16. Kb1 {[%clk 1:24:24]} Bh4
{[%clk 0:42:52]} 17. Rg1 {[%clk 1:21:16]} Nf4 {[%clk 0:40:42]} 18. Nd4
{[%clk 1:02:44]} exd4 {[%clk 0:32:21]} 19. Bxf4 {[%clk 1:03:11]} Qf6
{[%clk 0:32:21]} 20. Bh6 {[%clk 0:59:52]} Rf7 {[%clk 0:31:22]} 21. Bh3
{[%clk 0:44:40]} Kh8 {[%clk 0:31:38]} 22. Bg5 {[%clk 0:41:04]} Bxg5
{[%clk 0:31:57]} 23. Rxg5 {[%clk 0:37:59]} Qxf3 {[%clk 0:18:22]} 24. Be6
{[%clk 0:37:42]} Re7 {[%clk 0:18:09]} 25. Qxd4 {[%clk 0:35:15]} Rf8
{[%clk 0:17:16]} 26. Rg3 {[%clk 0:31:15]} Qf2 {[%clk 0:16:49]} 27. Qh4
{[%clk 0:30:50]} Qf6 {[%clk 0:14:51]} 28. Qxf6 {[%clk 0:19:30]} Rxf6
{[%clk 0:15:07]} 29. Bxd7 {[%clk 0:17:36]} Rxd7 {[%clk 0:15:34]} 30. a4
{[%clk 0:13:06]} bxa4 {[%clk 0:12:08]} 31. Rd4 {[%clk 0:13:33]} Rf1+
{[%clk 0:11:25]} 32. Ka2 {[%clk 0:13:55]} Rf2 {[%clk 0:11:45]} 33. Rc3
{[%clk 0:14:16]} g5 {[%clk 0:12:05]} 34. h4 {[%clk 0:13:55]} Rf4 {[%clk 0:10:09]}
35. Rxf4 {[%clk 0:12:41]} gxf4 {[%clk 0:10:38]} 36. Rf3 {[%clk 0:12:34]} Rf7
{[%clk 0:11:01]} 37. Ka3 {[%clk 0:12:35]} Kg7 {[%clk 0:09:33]} 38. Kxa4
{[%clk 0:12:59]} Kg6 {[%clk 0:09:46]} 39. c4 {[%clk 0:13:24]} Kf5
{[%clk 0:09:59]} 40. b4 {[%clk 0:13:23]} Ke4 {[%clk 0:10:22]} 41. Rf1
{[%clk 0:13:48]} f3 {[%clk 0:09:23]} 42. Ka5 {[%clk 0:08:27]} Kd4
{[%clk 0:08:46]} 43. Kxa6 {[%clk 0:08:04]} Kxc4 {[%clk 0:09:09]} 44. b5
{[%clk 0:08:31]} Kxd5 {[%clk 0:07:27]} 45. b6 {[%clk 0:08:54]} Ke4
{[%clk 0:07:44]} 46. b7 {[%clk 0:08:49]} Rf8 {[%clk 0:08:04]} 47. Re1+
{[%clk 0:01:15]} Kf4 {[%clk 0:07:02]} 48. Rb1 {[%clk 0:21:23]} f2
{[%clk 0:37:36]} 49. Ka7 {[%clk 0:21:50]} Ke3 {[%clk 0:36:09]} 50. b8=Q
{[%clk 0:03:37]} Rxb8 {[%clk 0:35:52]} 51. Kxb8 {[%clk 0:03:58]} d5
{[%clk 0:34:23]} 52. Rb3+ {[%clk 0:04:17]} Ke2 {[%clk 0:34:46]} 53. Rb2+
{[%clk 0:04:43]} Kf3 {[%clk 0:35:06]} 54. Rb3+ {[%clk 0:01:54]} Kg2
{[%clk 0:35:13]} 55. Rb2 {[%clk 0:02:06]} Kg1 {[%clk 0:35:32]} 56. Rd2 f1=Q
{[%clk 0:35:49]} 57. Rxd5 {[%clk 0:02:22]} 0-1

[Event "WCO2014"]
[Site "Tromso"]
[Date "2014.08.09"]
[Round "7.45"]
[WhiteID "5702615"]
[White "Nayan Ahmad Fadzil"]
[BlackID "8503010"]
[Black "Akinseye Abiola"]
[Result "1-0"]
[LiveChessVersion "1.4.3"]
[BlackElo "2156"]
[WhiteElo "2121"]

1. d4 {[%clk 1:30:46]} Nf6 {[%clk 1:30:48]} 2. c4 {[%clk 1:31:02]} g6
{[%clk 1:31:03]} 3. Nc3 {[%clk 1:31:11]} Bg7 {[%clk 1:31:24]} 4. g3
{[%clk 1:31:33]} O-O {[%clk 1:31:29]} 5. Bg2 {[%clk 1:31:56]} d6 {[%clk 1:31:21]}
6. Nf3 {[%clk 1:32:10]} c6 {[%clk 1:30:51]} 7. O-O {[%clk 1:31:58]} Bg4
{[%clk 1:29:42]} 8. h3 {[%clk 1:26:44]} Be6 {[%clk 1:26:59]} 9. d5
{[%clk 1:24:49]} cxd5 {[%clk 1:25:32]} 10. cxd5 {[%clk 1:24:04]} Bc8
{[%clk 1:25:43]} 11. e4 {[%clk 1:23:09]} Nbd7 {[%clk 1:23:20]} 12. Re1
{[%clk 1:18:11]} a6 {[%clk 1:17:22]} 13. a4 {[%clk 1:11:40]} Nc5 {[%clk 1:13:16]}
14. Bf4 {[%clk 0:59:57]} Nh5 {[%clk 1:10:48]} 15. Bg5 {[%clk 0:54:25]} h6
{[%clk 1:09:05]} 16. Be3 {[%clk 0:53:54]} Nd7 {[%clk 1:02:59]} 17. Qd2
{[%clk 0:52:33]} Kh7 {[%clk 1:01:15]} 18. b4 {[%clk 0:51:28]} Ne5
{[%clk 0:58:52]} 19. Nxe5 {[%clk 0:49:21]} dxe5 {[%clk 0:59:01]} 20. a5
{[%clk 0:42:31]} Bd7 {[%clk 0:56:00]} 21. Rac1 {[%clk 0:41:05]} Rc8
{[%clk 0:52:00]} 22. Bc5 {[%clk 0:39:47]} Rg8 {[%clk 0:47:08]} 23. Nd1
{[%clk 0:35:12]} Qe8 {[%clk 0:43:25]} 24. Ne3 {[%clk 0:34:15]} Bb5
{[%clk 0:42:09]} 25. h4 {[%clk 0:30:57]} Nf6 {[%clk 0:37:16]} 26. f3
{[%clk 0:23:55]} h5 {[%clk 0:36:41]} 27. Bb6 {[%clk 0:15:57]} Qd7
{[%clk 0:25:56]} 28. Kh2 {[%clk 0:14:51]} Bh6 {[%clk 0:14:48]} 29. Bh3
{[%clk 0:15:03]} e6 {[%clk 0:14:45]} 30. Qa2 {[%clk 0:14:05]} Rge8
{[%clk 0:11:42]} 31. dxe6 {[%clk 0:11:56]} fxe6 {[%clk 0:11:44]} 32. Red1
{[%clk 0:06:20]} Rxc1 {[%clk 0:11:07]} 33. Rxc1 {[%clk 0:04:48]} Bc6
{[%clk 0:06:01]} 34. Rd1 {[%clk 0:04:51]} Qf7 {[%clk 0:05:07]} 35. Nc4
{[%clk 0:04:16]} Qg7 {[%clk 0:04:17]} 36. Nd6 {[%clk 0:02:55]} Re7
{[%clk 0:04:01]} 37. Bxe6 {[%clk 0:01:22]} Nd7 {[%clk 0:03:35]} 38. Bd8
{[%clk 0:01:29]} Qf6 {[%clk 0:00:51]} 39. Bxe7 {[%clk 0:01:15]} Qxe7
{[%clk 0:00:52]} 40. Bxd7 {[%clk 0:01:17]} Qxd7 {[%clk 0:01:05]} 41. Qf7+
{[%clk 0:01:28]} Qxf7 {[%clk 0:01:27]} 42. Nxf7 {[%clk 0:01:52]} Bf8
{[%clk 0:28:28]} 43. Nxe5 {[%clk 0:32:33]} Bxb4 {[%clk 0:28:50]} 44. Nxc6
{[%clk 0:32:51]} bxc6 {[%clk 0:29:13]} 45. Rd7+ {[%clk 0:33:10]} Kg8
{[%clk 0:29:30]} 46. Ra7 {[%clk 0:33:25]} 1-0

[Event "WCO2014"]
[Site "Tromso"]
[Date "2014.08.09"]
[Round "7.21"]
[WhiteID "13200011"]
[White "Lee Sanghoon"]
[BlackID "3300200"]
[Black "Zambrana Oswaldo"]
[Result "0-1"]
[LiveChessVersion "1.4.3"]
[BlackElo "2472"]
[WhiteElo "2114"]

1. c4 {[%clk 1:30:49]} c6 {[%clk 1:27:18]} 2. g3 {[%clk 1:31:09]} d5
{[%clk 1:27:42]} 3. Nf3 {[%clk 1:31:26]} Nf6 {[%clk 1:28:10]} 4. Bg2
{[%clk 1:31:42]} e6 {[%clk 1:28:38]} 5. O-O {[%clk 1:31:51]} Be7 {[%clk 1:28:46]}
6. b3 {[%clk 1:32:10]} Nbd7 {[%clk 1:29:00]} 7. Bb2 {[%clk 1:32:37]} b6
{[%clk 1:28:47]} 8. d3 {[%clk 1:29:20]} Bb7 {[%clk 1:29:06]} 9. Nbd2
{[%clk 1:29:48]} O-O {[%clk 1:26:58]} 10. Qc2 {[%clk 1:30:02]} c5
{[%clk 1:18:34]} 11. e4 {[%clk 1:25:25]} d4 {[%clk 1:18:53]} 12. Rfe1
{[%clk 1:18:00]} e5 {[%clk 1:16:11]} 13. h3 {[%clk 1:17:32]} Nh5 {[%clk 1:05:39]}
14. Nf1 {[%clk 1:17:31]} Qc7 {[%clk 1:06:05]} 15. Qe2 {[%clk 1:17:17]} g6
{[%clk 1:04:09]} 16. Bc1 {[%clk 1:17:37]} Bf6 {[%clk 1:03:31]} 17. N1h2
{[%clk 1:15:36]} Bg7 {[%clk 1:03:47]} 18. Ng4 {[%clk 1:14:38]} Kh8
{[%clk 1:03:32]} 19. a4 {[%clk 1:13:04]} a5 {[%clk 1:03:15]} 20. Ra2
{[%clk 1:12:38]} Rae8 {[%clk 1:03:22]} 21. Nh4 {[%clk 1:02:23]} Qd8
{[%clk 1:00:47]} 22. Qd1 {[%clk 0:57:26]} Nf4 {[%clk 0:58:31]} 23. gxf4
{[%clk 0:54:16]} Qxh4 {[%clk 0:58:19]} 24. Nxe5 {[%clk 0:54:30]} Nxe5
{[%clk 0:50:16]} 25. fxe5 {[%clk 0:54:44]} Bc8 {[%clk 0:46:27]} 26. f4
{[%clk 0:50:58]} g5 {[%clk 0:46:47]} 27. Rf1 {[%clk 0:46:26]} gxf4
{[%clk 0:44:04]} 28. Rxf4 {[%clk 0:46:01]} Qg3 {[%clk 0:44:28]} 29. Rf3
{[%clk 0:41:32]} Qg6 {[%clk 0:44:42]} 30. Bf4 {[%clk 0:39:20]} Bxe5
{[%clk 0:44:38]} 31. Qd2 {[%clk 0:32:48]} Rg8 {[%clk 0:43:18]} 32. Kh1
{[%clk 0:32:54]} Re6 {[%clk 0:34:22]} 33. Bxe5+ {[%clk 0:29:47]} Rxe5
{[%clk 0:34:37]} 34. Qf4 {[%clk 0:30:15]} Rg5 {[%clk 0:25:27]} 35. Qf6+
{[%clk 0:06:41]} Qxf6 {[%clk 0:25:09]} 36. Rxf6 {[%clk 0:07:09]} Rg3
{[%clk 0:25:07]} 37. Kh2 {[%clk 0:05:40]} Rxd3 {[%clk 0:24:28]} 38. Rxf7
{[%clk 0:05:54]} Rxb3 {[%clk 0:24:29]} 39. Raf2 {[%clk 0:04:36]} Be6
{[%clk 0:24:25]} 40. Re7 {[%clk 0:04:42]} Bxc4 {[%clk 0:24:30]} 41. e5
{[%clk 0:04:47]} Re3 {[%clk 0:24:41]} 42. Bf1 {[%clk 0:30:59]} d3
{[%clk 0:50:27]} 0-1

[Event "WCO2014"]
[Site "Tromso"]
[Date "2014.08.09"]
[Round "7.22"]
[WhiteID "3301478"]
[White "Gemy Jose Daniel"]
[BlackID "13201204"]
[Black "Kim Inguh"]
[Result "1-0"]
[LiveChessVersion "1.4.3"]
[BlackElo "1829"]
[WhiteElo "2332"]

1. d4 {[%clk 1:30:35]} d5 {[%clk 1:30:53]} 2. c4 {[%clk 1:31:00]} e6
{[%clk 1:31:12]} 3. Nc3 {[%clk 1:31:25]} c5 {[%clk 1:31:32]} 4. cxd5
{[%clk 1:30:58]} exd5 {[%clk 1:31:57]} 5. Nf3 {[%clk 1:31:18]} Nf6
{[%clk 1:32:22]} 6. Bg5 {[%clk 1:31:16]} Be7 {[%clk 1:28:26]} 7. dxc5
{[%clk 1:31:07]} O-O {[%clk 1:27:56]} 8. Rc1 {[%clk 1:29:32]} Nc6
{[%clk 1:27:34]} 9. e3 {[%clk 1:28:25]} Be6 {[%clk 1:16:05]} 10. Bb5
{[%clk 1:22:05]} Bxc5 {[%clk 1:12:01]} 11. O-O {[%clk 1:16:51]} Be7
{[%clk 1:10:06]} 12. Bxc6 {[%clk 1:13:57]} bxc6 {[%clk 1:10:30]} 13. Na4
{[%clk 1:14:18]} Rc8 {[%clk 1:08:02]} 14. Qd4 {[%clk 1:12:41]} Qa5
{[%clk 1:06:42]} 15. Nc5 {[%clk 1:11:46]} Qxa2 {[%clk 0:47:37]} 16. Nxe6
{[%clk 1:02:28]} fxe6 {[%clk 0:47:18]} 17. Qe5 {[%clk 1:00:03]} Kh8
{[%clk 0:40:46]} 18. Qxe6 {[%clk 0:59:03]} Rce8 {[%clk 0:40:05]} 19. Qxc6
{[%clk 0:53:51]} Qxb2 {[%clk 0:39:43]} 20. Rb1 {[%clk 0:51:30]} Qa3
{[%clk 0:35:13]} 21. Rfc1 {[%clk 0:44:35]} Qd6 {[%clk 0:23:39]} 22. Ra1
{[%clk 0:42:24]} Ne4 {[%clk 0:15:22]} 23. Bxe7 {[%clk 0:35:06]} Qxe7
{[%clk 0:08:09]} 24. Qxd5 {[%clk 0:35:24]} Rd8 {[%clk 0:08:05]} 25. Qe5
{[%clk 0:35:16]} Qxe5 {[%clk 0:06:42]} 26. Nxe5 {[%clk 0:35:45]} Nxf2
{[%clk 0:06:01]} 27. Rf1 {[%clk 0:35:41]} Rde8 {[%clk 0:02:15]} 28. Nd7
{[%clk 0:34:12]} Rf7 {[%clk 0:02:23]} 29. Rxa7 {[%clk 0:34:25]} Rd8
{[%clk 0:02:11]} 30. Rxf2 {[%clk 0:34:48]} 1-0

[Event "WCO2014"]
[Site "Tromso"]
[Date "2014.08.09"]
[Round "7.23"]
[WhiteID "34117234"]
[White "Kim Changhoon"]
[BlackID "3300145"]
[Black "Cueto Jonny"]
[Result "0-1"]
[LiveChessVersion "1.4.3"]
[BlackElo "2283"]
[WhiteElo "1846"]

1. Nf3 {[%clk 1:30:51]} d6 {[%clk 1:30:50]} 2. d4 {[%clk 1:30:55]} Bg4
{[%clk 1:31:12]} 3. c4 {[%clk 1:30:22]} Nd7 {[%clk 1:31:36]} 4. e4
{[%clk 1:27:01]} e5 {[%clk 1:30:22]} 5. Be2 {[%clk 1:26:39]} Ngf6
{[%clk 1:30:36]} 6. Nc3 {[%clk 1:26:50]} c6 {[%clk 1:30:51]} 7. O-O
{[%clk 1:26:13]} Be7 {[%clk 1:30:54]} 8. Be3 {[%clk 1:26:00]} O-O
{[%clk 1:31:15]} 9. Rb1 {[%clk 1:21:16]} Re8 {[%clk 1:29:13]} 10. d5
{[%clk 1:19:07]} cxd5 {[%clk 1:27:42]} 11. cxd5 {[%clk 1:19:30]} a6
{[%clk 1:26:24]} 12. Ne1 {[%clk 1:15:48]} Bxe2 {[%clk 1:25:47]} 13. Qxe2
{[%clk 1:16:17]} Rc8 {[%clk 1:25:07]} 14. Nd3 {[%clk 1:13:57]} Rc4
{[%clk 1:20:59]} 15. f3 {[%clk 1:13:24]} Qb8 {[%clk 1:21:00]} 16. Nc1
{[%clk 1:12:00]} Rec8 {[%clk 1:20:35]} 17. Nb3 Bd8 {[%clk 1:19:05]} 18. Nd2
{[%clk 1:10:57]} R4c7 {[%clk 1:19:02]} 19. Nb3 {[%clk 1:09:51]} b5
{[%clk 1:17:00]} 20. Rbc1 {[%clk 1:08:30]} Nb6 {[%clk 1:16:30]} 21. Na5
{[%clk 1:07:55]} Nc4 {[%clk 1:16:48]} 22. Bf2 {[%clk 1:04:41]} Nxa5
{[%clk 1:17:04]} 0-1

[Event "WCO2014"]
[Site "Tromso"]
[Date "2014.08.09"]
[Round "7.24"]
[WhiteID "3301168"]
[White "Caceres Diego"]
[BlackID "13202340"]
[Black "Lee Jun Hyeok"]
[Result "1/2-1/2"]
[LiveChessVersion "1.4.3"]
[BlackElo "1884"]
[WhiteElo "2128"]

1. d4 {[%clk 1:30:57]} Nf6 {[%clk 1:30:52]} 2. Nf3 {[%clk 1:30:17]} g6
{[%clk 1:31:21]} 3. Bf4 {[%clk 1:29:12]} Bg7 {[%clk 1:31:50]} 4. e3
{[%clk 1:29:26]} O-O {[%clk 1:31:54]} 5. Be2 {[%clk 1:29:28]} d6 {[%clk 1:31:48]}
6. h3 {[%clk 1:29:13]} Nfd7 {[%clk 1:30:43]} 7. O-O {[%clk 1:27:14]} e5
{[%clk 1:30:26]} 8. Bh2 {[%clk 1:22:39]} Nc6 {[%clk 1:29:09]} 9. c4
{[%clk 1:22:11]} h6 {[%clk 1:23:40]} 10. Nc3 {[%clk 1:20:15]} f5 {[%clk 1:19:24]}
11. Nd5 {[%clk 1:15:32]} Ne7 {[%clk 1:09:06]} 12. Rc1 {[%clk 0:57:43]} c6
{[%clk 1:03:22]} 13. Nxe7+ {[%clk 0:55:24]} Qxe7 {[%clk 1:03:50]} 14. b4
{[%clk 0:53:54]} g5 {[%clk 0:50:04]} 15. c5 {[%clk 0:50:16]} d5 {[%clk 0:50:11]}
16. Nxe5 {[%clk 0:46:27]} Nxe5 {[%clk 0:50:09]} 17. Bxe5 {[%clk 0:46:53]} Bxe5
{[%clk 0:50:32]} 18. dxe5 {[%clk 0:47:21]} Qxe5 {[%clk 0:50:49]} 19. Qd4
{[%clk 0:40:28]} Qxd4 {[%clk 0:47:07]} 20. exd4 {[%clk 0:40:42]} f4
{[%clk 0:43:22]} 21. Rfe1 {[%clk 0:30:21]} Bf5 {[%clk 0:28:07]} 22. Bg4
{[%clk 0:09:44]} Bxg4 {[%clk 0:22:49]} 23. hxg4 {[%clk 0:10:12]} Rfe8
{[%clk 0:20:44]} 24. f3 {[%clk 0:09:11]} Kf7 {[%clk 0:20:01]} 25. a4
{[%clk 0:02:33]} Rxe1+ {[%clk 0:13:40]} 26. Rxe1 {[%clk 0:03:01]} Re8
{[%clk 0:12:43]} 27. Rxe8 {[%clk 0:01:03]} Kxe8 {[%clk 0:13:12]} 28. a5
{[%clk 0:01:31]} Kd7 {[%clk 0:09:54]} 29. Kf2 {[%clk 0:01:50]} Kc7
{[%clk 0:08:54]} 30. Ke2 {[%clk 0:00:46]} b6 {[%clk 0:08:52]} 31. a6
{[%clk 0:00:59]} b5 {[%clk 0:09:13]} 32. Kf2 {[%clk 0:01:21]} Kd7
{[%clk 0:09:40]} 33. Ke2 {[%clk 0:01:41]} 1/2-1/2

[Event "WCO2014"]
[Site "Tromso"]
[Date "2014.08.09"]
[Round "7.44"]
[WhiteID "404136"]
[White "Phillips Roy"]
[BlackID "4401190"]
[Black "Cuartas Jaime Alexander"]
[Result "0-1"]
[LiveChessVersion "1.4.3"]
[BlackElo "2489"]
[WhiteElo "2272"]

1. d4 {[%clk 1:30:57]} d5 {[%clk 1:30:55]} 2. c4 {[%clk 1:31:18]} e5
{[%clk 1:31:21]} 3. dxe5 {[%clk 1:29:14]} d4 {[%clk 1:31:45]} 4. Nf3
{[%clk 1:29:26]} Nc6 {[%clk 1:32:08]} 5. g3 {[%clk 1:28:21]} Nge7
{[%clk 1:32:31]} 6. Bg5 {[%clk 1:17:25]} h6 {[%clk 1:32:55]} 7. Bxe7
{[%clk 1:17:46]} Bxe7 {[%clk 1:33:20]} 8. Bg2 {[%clk 1:18:12]} Be6
{[%clk 1:33:40]} 9. Nbd2 {[%clk 1:16:07]} Qd7 {[%clk 1:34:05]} 10. O-O
{[%clk 1:15:51]} g5 {[%clk 1:33:59]} 11. Qb3 {[%clk 1:08:50]} O-O-O
{[%clk 1:31:05]} 12. Ne1 {[%clk 1:00:04]} Bh3 {[%clk 1:29:10]} 13. Nd3
{[%clk 0:58:30]} h5 {[%clk 1:28:34]} 14. Ne4 {[%clk 0:50:52]} Bxg2
{[%clk 1:25:56]} 15. Kxg2 {[%clk 0:50:47]} Qf5 {[%clk 1:20:48]} 16. f3
{[%clk 0:43:10]} Rhe8 {[%clk 1:12:46]} 17. Rf2 {[%clk 0:35:33]} a6
{[%clk 1:03:59]} 18. Nec5 {[%clk 0:30:20]} Bxc5 {[%clk 1:04:09]} 19. Nxc5
{[%clk 0:30:47]} Na5 {[%clk 1:04:13]} 20. Qa4 {[%clk 0:27:26]} Rxe5
{[%clk 1:04:01]} 21. Nd3 {[%clk 0:27:54]} Re3 {[%clk 1:04:06]} 22. Rc1
{[%clk 0:27:51]} Rde8 {[%clk 0:58:42]} 23. Rc2 {[%clk 0:28:00]} Nc6
{[%clk 0:58:33]} 24. b4 {[%clk 0:27:55]} g4 {[%clk 0:55:52]} 25. b5
{[%clk 0:16:11]} Rxe2 {[%clk 0:54:38]} 26. bxc6 {[%clk 0:10:33]} Qxf3+
{[%clk 0:54:49]} 0-1

[Event "WCO2014"]
[Site "Tromso"]
[Date "2014.08.09"]
[Round "7.43"]
[WhiteID "4400704"]
[White "Ruiz C Joshua D"]
[BlackID "9700056"]
[Black "Li Ying Patrick"]
[Result "1-0"]
[LiveChessVersion "1.4.3"]
[BlackElo "2125"]
[WhiteElo "2382"]

1. e4 {[%clk 1:30:56]} e6 {[%clk 1:30:49]} 2. d4 {[%clk 1:31:13]} d5
{[%clk 1:31:12]} 3. Nc3 {[%clk 1:31:41]} dxe4 {[%clk 1:31:19]} 4. Nxe4
{[%clk 1:32:07]} Nd7 {[%clk 1:31:29]} 5. Nf3 {[%clk 1:32:35]} Ngf6
{[%clk 1:31:52]} 6. Bg5 {[%clk 1:32:57]} Be7 {[%clk 1:32:17]} 7. Nxf6+
{[%clk 1:32:35]} Bxf6 {[%clk 1:30:50]} 8. Bxf6 {[%clk 1:32:06]} Qxf6
{[%clk 1:27:19]} 9. Bd3 {[%clk 1:28:07]} O-O {[%clk 1:25:54]} 10. Qe2
{[%clk 1:26:44]} c5 {[%clk 1:23:05]} 11. c3 {[%clk 1:24:47]} b6 {[%clk 1:21:45]}
12. Qe4 {[%clk 1:24:49]} Qg6 {[%clk 1:21:35]} 13. Qxa8 {[%clk 1:13:51]} Qxd3
{[%clk 1:21:53]} 14. Rd1 {[%clk 1:13:59]} Qa6 {[%clk 1:20:44]} 15. Qc6
{[%clk 1:14:09]} Qxa2 {[%clk 1:20:40]} 16. O-O {[%clk 1:14:09]} Qxb2
{[%clk 1:21:08]} 17. dxc5 {[%clk 1:12:05]} Nxc5 {[%clk 1:20:57]} 18. Qc7
{[%clk 1:12:30]} Ba6 {[%clk 1:16:33]} 19. Rd8 {[%clk 1:12:33]} Qb5
{[%clk 1:08:29]} 20. Rfd1 {[%clk 1:12:24]} Nb7 {[%clk 1:05:56]} 21. Rxf8+
{[%clk 1:11:09]} Kxf8 {[%clk 1:06:20]} 22. Ne5 {[%clk 1:11:16]} Qe8
{[%clk 0:25:12]} 23. Rd7 {[%clk 1:08:55]} 1-0

[Event "WCO2014"]
[Site "Tromso"]
[Date "2014.08.09"]
[Round "7.42"]
[WhiteID "9700110"]
[White "Goorsahye Antoine"]
[BlackID "4404025"]
[Black "Martinez Romero Martin"]
[Result "0-1"]
[LiveChessVersion "1.4.3"]
[BlackElo "2387"]
[WhiteElo "1760"]

1. e4 {[%clk 1:30:53]} c5 {[%clk 1:30:55]} 2. Nf3 {[%clk 1:31:10]} d6
{[%clk 1:31:08]} 3. Nc3 {[%clk 1:31:17]} Nf6 {[%clk 1:31:24]} 4. Bb5+
{[%clk 1:31:07]} Bd7 {[%clk 1:31:18]} 5. Bxd7+ {[%clk 1:31:11]} Nbxd7
{[%clk 1:31:19]} 6. d4 {[%clk 1:30:48]} cxd4 {[%clk 1:31:18]} 7. Nxd4
{[%clk 1:29:19]} g6 {[%clk 1:31:24]} 8. Be3 {[%clk 1:29:03]} Bg7 {[%clk 1:31:38]}
9. f3 {[%clk 1:28:22]} O-O {[%clk 1:31:52]} 10. Qd2 {[%clk 1:25:47]} Ne5
{[%clk 1:31:44]} 11. b3 {[%clk 1:25:27]} Rc8 {[%clk 1:31:56]} 12. O-O
{[%clk 1:24:59]} a6 {[%clk 1:24:42]} 13. a4 {[%clk 1:22:20]} Qa5 {[%clk 1:24:43]}
14. Nd5 {[%clk 1:21:05]} Qxd2 {[%clk 1:24:15]} 15. Nxe7+ {[%clk 1:20:47]} Kh8
{[%clk 1:24:41]} 16. Bxd2 {[%clk 1:21:00]} Rc7 {[%clk 1:25:07]} 17. Nd5
{[%clk 1:20:20]} Nxd5 {[%clk 1:25:32]} 18. exd5 {[%clk 1:20:36]} Nc4
{[%clk 1:25:48]} 19. bxc4 {[%clk 1:13:54]} Bxd4+ {[%clk 1:25:48]} 20. Kh1
{[%clk 1:14:18]} Bxa1 {[%clk 1:26:06]} 21. Rxa1 {[%clk 1:14:39]} Rxc4
{[%clk 1:26:15]} 22. c3 {[%clk 1:13:18]} Re8 {[%clk 1:26:36]} 23. Bg5
{[%clk 1:12:40]} Kg7 {[%clk 1:27:00]} 24. h4 {[%clk 1:11:36]} h6 {[%clk 1:27:07]}
25. Bd2 {[%clk 1:11:38]} Re2 {[%clk 1:27:32]} 26. Be1 {[%clk 1:11:52]} f5
{[%clk 1:26:43]} 27. Kg1 {[%clk 1:11:45]} Kf6 {[%clk 1:26:50]} 28. Kf1
{[%clk 1:12:06]} Rc2 {[%clk 1:27:16]} 29. a5 {[%clk 1:12:20]} Rc5
{[%clk 1:27:09]} 30. Bf2 {[%clk 1:12:02]} Rxd5 {[%clk 1:27:15]} 31. Bd4+
{[%clk 1:12:23]} Ke6 {[%clk 1:27:32]} 32. Kg1 {[%clk 1:11:51]} Rb5
{[%clk 1:27:50]} 33. Re1+ {[%clk 1:10:24]} Kd7 {[%clk 1:28:14]} 34. Ra1
{[%clk 1:09:50]} Rbb2 {[%clk 1:28:28]} 35. c4 {[%clk 1:09:27]} Rxg2+
{[%clk 1:28:30]} 36. Kf1 {[%clk 1:09:52]} Rbc2 {[%clk 1:28:29]} 37. Be3
{[%clk 1:09:57]} Rh2 {[%clk 1:28:37]} 38. Kg1 {[%clk 1:09:43]} Rxh4
{[%clk 1:28:46]} 0-1